000 01099cam a22002771i 4500
003 SA-RiAUC
005 20260106135934.0
008 260101s1981 le g 000 0 ara c
040 _aSA-JeALM
_bara
_cSA-RiAUC
_erda
050 4 _b.H37 1981
082 0 4 _a219.9
_qSA-RiAUC
090 _a219.9
_bح س ن
100 1 _aالحسني، محمد بن علوي المالكي،
_d1367-1425 هجري
_eمؤلف.
245 1 2 _aالدعوة الإصلاحية /
_cمحمد علوي المالكي الحسني.
264 1 _aبيروت :
_aدمشق :
_bمؤسسة مناهل العرفان ؛
_bمكتبة الغزالي،
_c1981
300 _a264 صفحة ؛
_c24 سم
336 _aنص
_btxt
_2rdacontent
_3كتاب
337 _aبدون وسيط
_bn
_2rdamedia
338 _aمجلد
_bnc
_2rdacarrier
650 7 _aالخطب الدينية الإسلامية
_2aucsh
650 7 _aالدعوة الإسلامية
_2aucsh
650 7 _aالإسلام والإصلاح الديني
_2aucsh
653 _aالديانات
942 _2ddc
_cBOOK
_n0
949 _aSA-JeALM
_d260101
_uosman123
_n1
999 _c13934
_d13934